000 00653nam a2200181 4500
001 18675
005 20201125173904.0
007 tu
008 170314s1719||||||| ger
245 0 0 _aRector Et Senatus Academiae Regiae Viadrinae B. L. S
_bP.P. d. XVII. Februsr. Ao. MDCCXIX
264 _aFrankfurt (Oder)
_bStannis Johannis Christophori Steppini
_c1719
365 _c
546 _adeutsch
650 0 4 _aá Bergen, H. Coccejus, Ouseel, Strimesius, Noltenius, Reinold, Plesman, Jäger, Goelicke, Hermannus, Wesenfeld, Dithmarus, Westerman, Ring,
650 0 4 _aUniversität
650 0 4 _aFrankfurt (Oder)
650 0 4 _aVorlesungsverzeichnis
999 _c78942
_d78942